00640 2200241 4500001002100000005001500021035002000036007000300056008004100059020001800100082001100118084001800129100001700147245006400164250001000228260003400238300003200272650002000304700002400324520002600348990001200374990001200386INLIS00000000000179620180323091320 a0010-0318000139ta180323 g 0 ind  a602-72703-6-5 a808.83 a808.83 NUR r0 aNUR, Mursidi1 aRahasia Ilahi /cN. Mursidi; penyunting, Seno Teguh Pribadi acet.1 aJakarta :bWahyu Qolbu,c2015 a426 hlm. :bilus. ;c21 cm. aCERITA HISTORIS0 aSENO, Teguh Pribadi abibliografi: hlm. 426 a16693 a a16693 b